00550nam a22001697a 450000500170000000800410001704000210005804100080007908200210008724500700010826000920017830000100027065000170028070000240029770000250032170000340034620250322062741.0250322b |||||||| |||| 00| 0 eng d aIN-DiNCcIN-DiNC dasm a398.0954162bRON aRongali/ced. by Hema Gogoi, Jatin Gogoi and Pabitra Mohon Phukan aSivsagar:bSodou Asom bihuwa, bihuwoti bihu bisheshagya aru bihu bicharak samiti:cn.a. a152p. aBook on Bihu aGogoi, HemaeEditor aGogoi, JatineEditor aPhukan, Pabitra MohoneEditor